000
00324nam a2200121Ia 4500
008
220216s9999 xx 000 0 und d
100
_a
Mani K T
245
0
_a
Production of transparent natural rubber compounds
260
_b
Placrosym III, Cochin, 1980
_c
1980
700
_a
Kuriakose B
700
_a
Thomas E V
942
_c
JS
999
_c
65857
_d
65857